Boundary and finite elements:Theory and problelms (Record no. 20107)
[ view plain ]
| 000 -LEADER | |
|---|---|
| fixed length control field | 00368nam a2200157Ia 4500 |
| 082 ## - DEWEY DECIMAL CLASSIFICATION NUMBER | |
| Classification number | 620.0015/RAM |
| 100 ## - MAIN ENTRY--PERSONAL NAME | |
| Personal name | Ramachandran/J |
| 245 ## - TITLE STATEMENT | |
| Title | Boundary and finite elements:Theory and problelms |
| 260 ## - PUBLICATION, DISTRIBUTION, ETC. | |
| Name of publisher, distributor, etc. | Narosa Publication House |
| Place of publication, distribution, etc. | Mumbai |
| Date of publication, distribution, etc. | 2000 |
| 366 ## - TRADE AVAILABILITY INFORMATION | |
| Publishers's discount category | 15 |
| 300 ## - PHYSICAL DESCRIPTION | |
| Extent | 357 |
| 546 ## - LANGUAGE NOTE | |
| Language note | ENGLISH |
| 654 ## - SUBJECT ADDED ENTRY--FACETED TOPICAL TERMS | |
| Focus term | finite element |
| 942 ## - ADDED ENTRY ELEMENTS (KOHA) | |
| Koha item type | BOOK |
| Withdrawn status | Lost status | Damaged status | Not for loan | Collection | Home library | Current library | Shelving location | Date acquired | Source of acquisition | Cost, normal purchase price | Inventory number | Total Checkouts | Full call number | Barcode | Date last seen | Cost, replacement price | Price effective from | Koha item type |
|---|---|---|---|---|---|---|---|---|---|---|---|---|---|---|---|---|---|---|
| CRC | Fr. Agnel's C.Rodrigues College of Engineering | Fr. Agnel's C.Rodrigues College of Engineering | 17/03/2023 | Narosa Book Distributors | 280.00 | 22891 dt 21.11.2005 | 620.0015/RAM | 16071 | 17/03/2023 | 295.00 | BOOK | |||||||
| CRC | Fr. Agnel's C.Rodrigues College of Engineering | Fr. Agnel's C.Rodrigues College of Engineering | 17/03/2023 | Narosa Book Distributors | 280.00 | 620.0015/RAM | 16072 | 17/03/2023 | 295.00 | BOOK |